Library Logo

Pioneer International University Library Catalogue

The wind spirit : (Record no. 9200)

MARC details
000 -LEADER
fixed length control field 01053cam a2200313 a 4500
001 - CONTROL NUMBER
control field 3857925
003 - CONTROL NUMBER IDENTIFIER
control field OSt
005 - DATE AND TIME OF LATEST TRANSACTION
control field 20250901165801.0
008 - FIXED-LENGTH DATA ELEMENTS--GENERAL INFORMATION
fixed length control field 880125s1988 mau b 000 0aeng
010 ## - LIBRARY OF CONGRESS CONTROL NUMBER
LC control number 88047660
020 ## - INTERNATIONAL STANDARD BOOK NUMBER
International Standard Book Number 0807070408 :
Terms of availability $19.95
040 ## - CATALOGING SOURCE
Original cataloging agency DLC
Transcribing agency DLC
Modifying agency DLC
041 1# - LANGUAGE CODE
Language code of text/sound track or separate title engfre
043 ## - GEOGRAPHIC AREA CODE
Geographic area code e-fr---
050 00 - LIBRARY OF CONGRESS CALL NUMBER
Classification number PQ 2680 .O83 Z52713 1988
Item number Z52713 1988
082 00 - DEWEY DECIMAL CLASSIFICATION NUMBER
Classification number 843/.914
-- B
Edition information 19
100 1# - MAIN ENTRY--PERSONAL NAME
Personal name Tournier, Michel.
240 10 - UNIFORM TITLE
Uniform title Vent paraclet.
Language of a work English
245 14 - TITLE STATEMENT
Title The wind spirit :
Remainder of title an autobiography /
Statement of responsibility, etc. Michel Tournier ; translated by Arthur Goldhammer.
260 ## - PUBLICATION, DISTRIBUTION, ETC.
Place of publication, distribution, etc. Boston :
Name of publisher, distributor, etc. Beacon Press,
Date of publication, distribution, etc. c1988.
300 ## - PHYSICAL DESCRIPTION
Extent viii, 259 p. ;
Dimensions 23 cm.
500 ## - GENERAL NOTE
General note Translation of: Le vent paraclet.
504 ## - BIBLIOGRAPHY, ETC. NOTE
Bibliography, etc. note Bibliography: p. 251-259.
600 10 - SUBJECT ADDED ENTRY--PERSONAL NAME
Personal name Tournier, Michel.
650 #0 - SUBJECT ADDED ENTRY--TOPICAL TERM
Topical term or geographic name entry element Novelists, French
Chronological subdivision 20th century
General subdivision Biography.
906 ## - LOCAL DATA ELEMENT F, LDF (RLIN)
a 7
b cbc
c orignew
d 1
e ocip
f 19
g y-gencatlg
942 ## - ADDED ENTRY ELEMENTS (KOHA)
Source of classification or shelving scheme Library of Congress Classification
Koha item type Books
Holdings
Withdrawn status Lost status Source of classification or shelving scheme Damaged status Not for loan Home library Current library Shelving location Date acquired Total checkouts Full call number Barcode Date last seen Price effective from Koha item type
    Library of Congress Classification     Main Library Main Library   12/13/2024   PQ 2680 .O83 Z52713 1988 PIU0006360 12/13/2024 12/13/2024 Books
    Library of Congress Classification     Main Library Main Library   12/13/2024   PQ 2680 .O83 Z52713 1988 PIU0006360b 12/13/2024 12/13/2024 Books